000 00414nam a2200121Ia 4500
008 220216s9999 xx 000 0 und d
100 _aAbdullah M N B
245 0 _aTowards increased production in the rubber smallholder sector through replanting
260 _bProceedings of the RRIM Planters Conference, Kuala Lumpur, 1977; p251-263
650 _aRubber production
650 _aRubber smallholder
942 _cJS
999 _c71412
_d71412